000 00670nam a2200289Ia 4500
005 20260324125023.0
008 008 260324s9999 xx 000 0 eng d
020 _a9780429480614
037 _aEBOOK
040 _aCRL
040 _beng
040 _cCRL
041 _2eng
041 _aeng
084 _qCRL
100 _aAlan B. Eppel
_91176391
245 0 _aSweet Sorrow
245 0 _bLove, Loss and Attachment in Human Life
260 _bTaylor and Francis
260 _c2009
365 _a
365 _b220
856 _uhttp://www.taylorfrancis.com/books/9780429480614
942 _cEBOOK
999 _c1771285
_d1771285